02304nam a2200289uu 4500001000800000005001700008007001000025008004100035035001200076040001300088041000800101080000800109100005200117245011100169260004300280300001700323520138500340650002901725650003001754650004301784700005301827856008201880942001301962999001901975502001201994526000802006147364420240924091346.0cr|||||||170919s2017 spa  a1473644 ccomduadb aspa aPIN10aPuerta Tobón, Jorge Ignacio4auteaut967781810aDisminución de tiempos perdidos por clisés durante el proceso de producción en Cartón de Colombia. aMedellín :b[sin publicador],c2017. a71 páginas3 aEl presente informe tiene por objetivo mostrar cómo se identificó, trató y redujo el problema de tiempos perdidos por clisés durante el proceso productivo en la empresa Cartón de Colombia, disminuyendo a su vez costos y mejorando los plazos de entrega al cliente. En muchas ocasiones, en máquina de terminado los clises no eran llevados en las mejores condiciones por el personal prealistador para producir pedidos que tuvieran los estándares de calidad exigidos por el cliente; dado esto, aparecían tiempos muertos e improductividad, lo que se traduce en resultados negativos para la empresa. Se buscó identificar los problemas más recurrentes que presentaban los clisés a través de la creación de una base de datos donde se registraban los reportes hechos por operarios, acompañado de investigación en planta e identificación de las causas de mayor peso a través del análisis causal, el diagrama de Pareto, entre otras técnicas que tenían que ver con el control de costos y cumplimiento al cliente. Finalmente, se presentan los resultados donde se ha elaborado un proceso estandarizado para el seguimiento de estos problemas, conociendo a su vez los más recurrentes, planteando soluciones y mostrando la reducción de dichos tiempos, de los costos y el aumento del cumplimiento al cliente durante los meses que se realizó el estudio. aControl de costos930935 aDiagrama de Pareto979158 7aProcesos de manufactura2armarc93729910aCorrea Puerta, Claudia Sofía4thseths92817734 uhttps://drive.google.com/file/d/0BwecnWVz7HZoTC1WMFNTS1lKZDQ/view?usp=sharing cTESISn0 c765753d765753 b174c17 a176